World Cities Map Quiz - Statistics

General Stats
  • This quiz has been taken 20 times
  • The average score is 45 of 50
Answers on the Map
Answers color-coded by a green-red scale on the quiz's map according to % correct below.
 
Answer Stats
Answer % Correct
Berlin
100%
Buenos Aires
100%
Chicago
100%
Dallas
100%
Istanbul
100%
Jakarta
100%
Lima
100%
London
100%
Los Angeles
100%
Madrid
100%
Mexico City
100%
Moscow
100%
Novosibirsk
100%
Osaka
100%
Paris
100%
Seoul
100%
St. Petersburg
100%
Bangkok
94%
Beijing
94%
Bogota
94%
Manila
94%
Mumbai
94%
New York City
94%
San Francisco
94%
Sao Paulo
94%
Shanghai
94%
Tokyo
94%
Toronto
94%
Vancouver
94%
Cairo
89%
Hong Kong
89%
Manaus
89%
Tehran
89%
Casablanca
83%
Delhi
83%
Johannesburg
83%
Karachi
83%
Khartoum
83%
Perth
83%
Sydney
83%
Urumqi
83%
Abidjan
78%
Dakar
78%
Kinshasa
78%
Nairobi
78%
Recife
78%
Rio de Janeiro
78%
Lagos
72%
Melbourne
72%
Chennai
61%
No matching quizzes found
Score Distribution
Percent of People with Each Score
Percentile by Number Answered
Your Score History
You have not taken this quiz